| LEADER 00000nam 2200000uu 4500 |
| 001 13399122641 |
| 003 ULIBM |
| 008 230606s2557||||th 000 0 tha d |
| 020 ^a9786162870873
|
| 082 0 ^a303.69^bด591อ
|
| 100 0 ^aThe arbinger institute.
|
| 245 00 ^aอยู่แต่ในกล่อง คุณจะไปเห็นอะไร = The anatomy of peace /^cโดย TheArbinger Institute.
|
| 250 ^aพิมพ์ครั้งที่ 1.
|
| 260 ^aกรุงเทพฯ :^bวีเลิร์น,^c2557.
|
| 300 ^a278 หน้า :^bภาพประกอบ ;^c19 ซม.
|
| 650 ^aการบริหารความขัดแย้ง.
|
| 650 ^aความขัดแย้งระหว่างบุคคล.
|
| 650 ^aความขัดแย้ง (จิตวิทยา).
|
| 999 ^aจริญญา ศิลธรรม
|
หนังสือดีน่าอ่าน

“ดั่งดวงแก้ว ส่องสว่าง ทางสายงาม”
จัดทำขึ้นเพื่อเฉลิมพระเกียรติ สมเด็จพระเทพรัตนราชสุดา ฯ สยามบรมราชกุมารี
เนื่องในโอกาสมหามงคลเฉลิมพระชนมพรรษา ๕ รอบ ๒ เมษายน ๒๕๕๘
โดยหนังสือเล่มนี้ได้รวบรวม ๖๐ พระอัจฉริยภาพของสมเด็จพระเทพ ฯ
ผู้อ่านจะได้รับแรงบันดาลใจให้พากเพียรเรียนรู้และขยันอดทนทำการงาน
ตามรอยเบื้องพระยุคลบาท เพราะพระองค์ทรงเป็นแบบอย่างอันดีเยี่ยมในทุกด้าน
ทั้งในความใฝ่รู้ใฝ่เรียน คุณธรรมจริยธรรม พระวิริยอุตสาหะในการทรงงาน
และอื่นๆอีกมากมาย ล้วนสามารถสร้างแรงบันดาลใจให้แก่เด็กและเยาวชน
อีกทั้งประชาชนทั่วไป ให้พากเพียรเรียนรู้และขยันอดทนทำการงานตามรอยพระยุคลบาท
เพื่อฝึกฝนตนเองให้เป็นคนดีคนเก่งของครอบครัวและสังคมต่อไป